|
|
|
|
| LEADER |
00000nab a2200000 a 4500 |
| 001 |
vtls009151146 |
| 003 |
SK-MaSNL |
| 005 |
20260305041451.0 |
| 008 |
071018c20070809xo dr n 000 00slo |
| 038 |
|
|
|a SVKPOCL
|
| 040 |
|
|
|a SVKPOCL
|b slo
|c AACR2
|e AACR2
|
| 041 |
|
|
|a slo
|
| 044 |
|
|
|a xo
|c SK
|
| 080 |
|
|
|a 347.72
|2 2001
|
| 080 |
|
|
|a 351.824
|2 2001
|
| 100 |
1 |
|
|a Wiesner, Karol
|4 aut
|9 944500
|
| 245 |
1 |
0 |
|a Kampaň zabrala
|b živnostníkov je stále viac: už dvadsaťtisíc
|c [autor] (kw)
|
| 600 |
1 |
7 |
|a Drab, Mikuláš
|2 svkpocl
|9 1365750
|
| 610 |
1 |
7 |
|a Prešov (Slovensko).
|b Obvodný úrad.
|b Odbor živnostenského podnikania
|2 svkpocl
|9 71123
|
| 650 |
0 |
7 |
|a živnostenské podnikanie
|2 svkpocl
|9 1774
|
| 651 |
|
7 |
|a Prešov (Slovensko : okres)
|2 svkpocl
|9 28797
|
| 651 |
|
7 |
|a Sabinov (Slovensko : okres)
|2 svkpocl
|9 29014
|
| 773 |
0 |
|
|t Prešovský večerník
|g Roč. XVIII, č. 4259 (9.8.2007), s. 4
|x 1336-4030
|
| 852 |
|
|
|a SVKPO
|b KIS3GCP
|
| 856 |
4 |
1 |
|u www.vecernik.po.sk
|
| 958 |
|
|
|a RG
|
| 999 |
|
|
|c 3343813
|d 3345743
|